Biological psychology Author: (Record no. 4994)

MARC details
000 -LEADER
fixed length control field 01107nam a22001937a 4500
020 ## - INTERNATIONAL STANDARD BOOK NUMBER
ISBN 9780495093602
020 ## - INTERNATIONAL STANDARD BOOK NUMBER
ISBN 0495093602
050 ## - CALL NUMBER
Classification number QP360
Item number .K33
100 ## - AUTHOR
Personal name Kalat, James W
245 ## - TITLE
Title Biological psychology Author:
Statement of responsibility, etc James W Kalat
250 ## - EDITION
Edition statement 9th ed.
260 ## - PUBLICATION INFORMATION
Place of publication Belmont, CA :
Name of publisher Thomson/Wadsworth
Year of publication ©2007.
300 ## - DESCRIPTION
Number of Pages xx, 582 pages :
Other physical details color illustrations ;
Dimensions 29 cm + 1 CD-ROM (4 3/4 in.)
500 ## - NOTES
General note Includes index.
505 ## - FORMATTED CONTENTS NOTE
Table of Content TABLE OF CONTENTS --<br/>The major issues --<br/>Nerve cells and nerve impulses --<br/>Synapses --<br/>Anatomy of the nervous system --<br/>Development and plasticity of the brain --<br/>Vision --<br/>The other sensory systems --<br/>Movement --<br/>Wakefulness and sleep --<br/>Internal regulation --<br/>Reproductive behaviors --<br/>Emotional behaviors --<br/>The biology of learning and memory --<br/>Cognitive functions --<br/>Psychological disorders --<br/>Brief, basic chemistry --<br/>Society for Neuroscience Policies on the use of animals and human subjects in neuroscience research.
650 ## - SUBJECTS
Topical Term Neuropsychology.
General subdivision Psychobiology.
650 ## - SUBJECTS
Topical Term psychobiologie.
942 ## - ADDED ENTRY ELEMENTS (KOHA)
Koha item type Books
Holdings
Withdrawn status Lost status Home library Current library Shelving location Date acquired Full call number Accession Number Koha item type Collection code
    Methodist University Library Main Methodist University Library Main General Stacks 14/11/2009 QP360 .K33 30210 Books  
    Methodist University Library Main Methodist University Library Main General Stacks 14/11/2009 QP360 .K33 30234 Books  
    Methodist University Library Main Methodist University Library Main General Stacks 14/11/2009 QP360 .K33 30209 Books  
    Methodist University Library Main Methodist University Library Main General Stacks 14/11/2009 QP360 .K33 30270 Books Reference
    Methodist University Library Main Methodist University Library Main General Stacks 14/11/2009 QP360 .K33 30243 Books Reference
Copyright © 2026  MUG Library